Tribhuvan University Central Library

How to think like Da Vinci (Record no. 82051)

MARC details
000 -LEADER
fixed length control field 00581nam a22002177a 4500
008 - FIXED-LENGTH DATA ELEMENTS--GENERAL INFORMATION
fixed length control field 171224b xxu||||| |||| 00| 0 eng d
020 ## - INTERNATIONAL STANDARD BOOK NUMBER
International Standard Book Number 978-81-8322-804-6
082 ## - DEWEY DECIMAL CLASSIFICATION NUMBER
Classification number 153.35
Item number Sm54h
100 ## - MAIN ENTRY--PERSONAL NAME
Personal name Smith, Daniel
245 ## - TITLE STATEMENT
Title How to think like Da Vinci
260 ## - PUBLICATION, DISTRIBUTION, ETC.
Place of publication, distribution, etc. New Delhi
Name of publisher, distributor, etc. Manjul Publishing House
Date of publication, distribution, etc. 2017
300 ## - PHYSICAL DESCRIPTION
Other physical details xx, 204p.
490 ## - SERIES STATEMENT
Series statement How to think series
504 ## - BIBLIOGRAPHY, ETC. NOTE
Bibliography, etc. note p. 203-204
650 ## - SUBJECT ADDED ENTRY--TOPICAL TERM
Topical term or geographic name entry element Creative thinking
9 (RLIN) 11430
650 ## - SUBJECT ADDED ENTRY--TOPICAL TERM
Topical term or geographic name entry element Creative thought
650 ## - SUBJECT ADDED ENTRY--TOPICAL TERM
Topical term or geographic name entry element Philosophy
650 ## - SUBJECT ADDED ENTRY--TOPICAL TERM
Topical term or geographic name entry element Paintings
9 (RLIN) 10427
650 ## - SUBJECT ADDED ENTRY--TOPICAL TERM
Topical term or geographic name entry element Artists
9 (RLIN) 11946
942 ## - ADDED ENTRY ELEMENTS (KOHA)
Source of classification or shelving scheme Dewey Decimal Classification
Koha item type General Collections
Holdings
Withdrawn status Lost status Source of classification or shelving scheme Damaged status Not for loan Home library Current library Shelving location Date acquired Total Checkouts Total Renewals Full call number Barcode Date last seen Date last checked out Price effective from Koha item type
    Dewey Decimal Classification     Tribhuvan University Central Library Tribhuvan University Central Library New Building 12/24/2017 8 4 153.35 Sm54h 156432 05/11/2025 05/02/2025 12/24/2017 General Collections
    Dewey Decimal Classification     Tribhuvan University Central Library Tribhuvan University Central Library New Building 12/24/2017 3   153.35 Sm54h 156433 01/18/2022 01/07/2022 12/24/2017 General Collections